| 000 | 01190nam a2200241Ia 4500 | ||
|---|---|---|---|
| 003 | Ost | ||
| 005 | 20260507075250.0 | ||
| 008 | 260507s9999||||xx |||||||||||||| ||und|| | ||
| 020 | _a53631299579 | ||
| 040 | _cfsecg | ||
| 041 | _aara | ||
| 082 | _a330 | ||
| 100 |
_aبن عنتر، عبد الرحمن _eمؤلف |
||
| 245 | 0 |
_aإدارة الانتاج في المنشآت الخدمية و الصناعية : _bمدخل تحليلي / _c عبد الرحمن بن عنتر |
|
| 260 |
_aعمان: _bدار اليازوري, _c2011 |
||
| 300 |
_a263 صفحة؛ _bإيضاحات ؛ _c24 سم |
||
| 504 | _aمراجع ص.251 | ||
| 520 | _aإدارة الانتاج- التطور التاريخي لإدارة الانتاج- أثر تخطيط وتنظيم العمليات الانتاجيةعلى الكفاءة الانتاجية- أثر الرقابة والبرنامج الانتاجي على العمليات الإنتاجية في تحقيق الكفاءة الانتاجية- الاطار النظري للانتاجية وسبل وطرق تحسينها. | ||
| 653 | _aإدارة الانتاج | ||
| 653 | _aالخدمات | ||
| 653 | _aالصناعة | ||
| 942 | _cكتاب | ||
| 999 |
_c43683 _d43683 |
||